000 00669nam a2200217Ia 4500
005 20250508170219.0
008 008 250505s9999 xx 000 0 eng d
020 _a1-85346-628-X
037 _aTextBook
040 _aFEDL
_beng
_cFEDL
041 _aeng
_2eng
084 _a155.402 87, MER/R
_qFEDL
100 _aMerrell Kenneth W
_9783472
245 0 _aBehavioral, social and emotional assessment of children and adolescents
250 _a3
260 _aNew York, USA
_bLawrence Erlbaum Associates
_c2008
300 _axx, 519p.
546 _aGifted by Prof. Sailaja Chennat
942 _cTB
_h155.402 87, MER/R
999 _c1399823
_d1399823